Discurso del método
Guardat en:
| Autor principal: | |
|---|---|
| Format: | Llibre |
| Idioma: | espanyol |
| Publicat: |
Ciudad de México
Porrúa
1999
|
| Col·lecció: | Sepan Cuantos, 177
|
| Matèries: | |
| Etiquetes: |
Afegir etiqueta
Sense etiquetes, Sigues el primer a etiquetar aquest registre!
|
MARC
| LEADER | 00000nam a2200000 a 4500 | ||
|---|---|---|---|
| 001 | UCN0535 | ||
| 003 | CL-VaPUC | ||
| 008 | 010323e19990000MX |||||||||||||||||spa|d | ||
| 082 | 0 | 4 | |a 141 |b DES |2 21 |
| 100 | |a Descartes, René |e autor |9 265906 | ||
| 245 | 1 | 0 | |a Discurso del método |
| 246 | 1 | 0 | |a Meditaciones metafísicas |
| 246 | 1 | 0 | |a Reglas para la dirección del espíritu |
| 246 | 1 | 0 | |a Principios de la filosofía |
| 300 | |a 166 p | ||
| 942 | |c BK | ||
| 945 | |d 20010323 00:00:00 |a vberengu | ||
| 260 | |a Ciudad de México |b Porrúa |c 1999 | ||
| 600 | 0 | |a Dios |9 314467 | |
| 650 | 0 | |a Metafísica |9 265649 | |
| 650 | 0 | |a Teología |9 258766 | |
| 650 | 0 | |a Filosofía |9 223554 | |
| 583 | |a last modification |c 20010323 00:00:00 |k Rodrigo Vera | ||
| 490 | 0 | |a Sepan Cuantos, 177 | |
| 999 | |c 294282 |d 294280 | ||
| 952 | |0 0 |1 0 |4 0 |6 141_000000000000000_DES_1999 |7 0 |8 A |9 346536 |a FDOPOS |b FDOPOS |d 2019-11-20 |i 3700356 |o 141 DES 1999 |p 3700356 |r 2025-01-22 |w 2019-11-20 |y BK |k MLA | ||
| 952 | |0 0 |1 0 |4 0 |6 141_000000000000000_DES_1999 |7 0 |8 A |9 346537 |a FDOPOS |b FDOPOS |d 2019-11-20 |i 3700364 |o 141 DES 1999 |p 3700364 |r 2025-01-22 |w 2019-11-20 |y BK |k MLA | ||